000 00541nam a22001697a 4500
005 20231113061401.0
008 231113b |||||||| |||| 00| 0 eng d
020 _a9780409032819
041 _aEnglish
082 _a346.1 BOS
100 _aBosman-Sadie, H and Corrie, L
_lEnglish
245 _aA Practical Approach to the Children's Act /
_cH Bosman-Sadie and C Lesley
260 _aDurban :
_bLexisNexis,
_c2010
300 _bxvi, 372 pages ;
_c25 cm.
650 _aLegal practice
_bLaw
942 _cBK
_6ALISON_BN_VRIES
999 _c534
_d534